000 00657nam a2200193Ia 4500
008 131103s9999 xx 000 0 und d
040 _aLoreto College
041 _aEnglish
082 _a822.33(ID)/HAM/LEA/822.33/S8/SHA
_b#NAME?
245 _aInterpretating Hamlet
_b materials for analysis
_cselected and edited by Russell E.Leaveworth
260 _a[s.l.]
_bChandler Publication
_c1960
300 _avi,265 p.
_c 21 cm.
504 _aIncludes bibliographical references
650 _aEnglish Drama
651 _aShakespeare,William - Hamlet - Criticism and Interpretation
700 _aLeaveworth,Russel E.,ed.
850 _aLCLIB
942 _cBK
999 _c4474
_d54953